000 00945nas a2200301 4500
001 BR0700294
003 BR-BrBNA
005 20231205110511.0
007 ta
008 230509b bl.|||p| |||| 00| 00por d
040 _aBR-BrBNA
_bpor
_cBiblioteca Nacional de Agricultura
041 _a(Pt)
072 _aF30; F60
100 1 _aGomes, S.O.
100 1 _aPitombeira, J.B.
100 1 _aNeiva, J.N.M.
100 1 _aCândido, M.J.D.
245 1 _aComportamento agronômico e composição químico-bromatológica de cultivares de sorgo forrageiro no Estado do Ceará
650 _aSORGO FORRAGEIRO
650 _aVARIEDADE
650 _aCARACTERISTICAS AGRONÔMICAS
650 _aCOMPOSIÇÃO QUÍMICA
650 _aBROMATOLOGIA
650 _aCEARÁ
773 0 _tRevista Ciência Agronômica (Brazil)
_xISSN 0045-6888
_g(2006), v. 37(2) p. 221-227
_wBR0700294
909 _a202311
_bLúcia
_c55
_dLúcia Elande
942 _2AGRIS
_n0
_cANA
999 _c187642
_d187642